Statistics for NFL Trivia: WR's with 250 Receiving Yds

Click here to take the quiz!

General Stats

  • This quiz has been taken 542 times
  • The average score is 6 of 22

Answer Stats

Year Hint Answer % Correct
1995289Jerry Rice
90%
2013329Calvin Johnson
87%
2006260Chad Johnson
87%
2012273Andre Johnson
87%
2000283TerrellOwens
58%
2000291Jimmy Smith
43%
1987261Steve Largent
25%
2013261Josh Gordon
19%
1989336Flipper Anderson
18%
1989286John Taylor
15%
2006265Lee Evans
7%
1985309Stephone Paige
6%
1987255Anthony Allen
6%
2002253Plaxico Burress
6%
2009250Miles Austin
6%
1961272Charley Hennigan
4%
1982260Wes Chandler
4%
1999258Qadry Ismail
2%
1962256Sonny Randle
2%
1979255Jerry Butler
2%
2012253Brian Hartline
2%
1962269Del Shofner
1%

Score Distribution

Percentile by Number Answered

Percent of People with Each Score

Your Score History

You have not taken this quiz